00652 2200229 4500001002100000005001700021008004100038035002400079082001100103090002100114100002800135245008100163260003600244300002400280440003100304650002300335850001500358980001300373985000600386999001500392999001500407YOGYA-0209000003256020090227024708.0 ind  0010-020900000032560 a345.05 a345.05bPro KlT aPROJOHAMIJOYO, Martiman aKedudukan tersangka dan terdakwa dalam pemeriksaancMartiman Prodjohamidjojo aJakartabGhalia Indonesiac1982 a32 hlmbilusc21 cm aSeri Pemerataan Keadilan 4 aHukum Acara Pidana aYOPDYOG(B) a25-12-06 a2 a06A0017725 a06A0017726